Current Events - U.S. | 2 | 15.00 | 100% | 50% | 0% |
Current Events - World | 2 | 20.00 | 100% | 100% | 0% |
Fine Arts - Ballet/Dance | 1 | 20.00 | 100% | 100% | 0% |
Fine Arts - Jazz | 2 | 10.00 | 100% | 0% | 0% |
Fine Arts - Miscellaneous | 4 | 15.00 | 100% | 50% | 0% |
Fine Arts - Music | 7 | 15.71 | 100% | 43% | 14% |
Fine Arts - Opera | 1 | 10.00 | 100% | 0% | 0% |
Fine Arts - Painting | 6 | 15.00 | 100% | 50% | 0% |
Fine Arts - Photography | 1 | 20.00 | 100% | 100% | 0% |
Geography - Europe | 1 | 20.00 | 100% | 100% | 0% |
Geography - World | 1 | 20.00 | 100% | 100% | 0% |
History - American | 10 | 15.00 | 80% | 60% | 10% |
History - Cross, Historiography, and Miscellaneous | 7 | 15.71 | 100% | 29% | 29% |
History - European | 5 | 18.00 | 100% | 80% | 0% |
History - World | 10 | 20.00 | 100% | 70% | 30% |
Literature - American | 7 | 14.29 | 86% | 57% | 0% |
Literature - British | 10 | 20.00 | 100% | 70% | 30% |
Literature - European | 10 | 19.00 | 100% | 60% | 30% |
Literature - World and Miscellaneous | 11 | 20.91 | 82% | 91% | 36% |
Other - Other Academic and General Knowledge | 5 | 16.00 | 100% | 40% | 20% |
RMP - East Asian Religion | 1 | 10.00 | 100% | 0% | 0% |
RMP - Greco-Roman Mythology | 3 | 20.00 | 100% | 67% | 33% |
RMP - Hinduism | 1 | 10.00 | 100% | 0% | 0% |
RMP - Islam | 2 | 10.00 | 100% | 0% | 0% |
RMP - New Testament | 2 | 15.00 | 50% | 0% | 100% |
RMP - Other Religion | 1 | 0.00 | 0% | 0% | 0% |
RMP - Philosophy | 7 | 12.86 | 100% | 14% | 14% |
RMP - World Mythology | 6 | 13.33 | 100% | 33% | 0% |
Science - Astronomy | 2 | 10.00 | 100% | 0% | 0% |
Science - Biology | 7 | 15.71 | 86% | 71% | 0% |
Science - Chemistry | 6 | 15.00 | 100% | 50% | 0% |
Science - Computer Science | 1 | 10.00 | 100% | 0% | 0% |
Science - Engineering and Miscellaneous | 1 | 10.00 | 100% | 0% | 0% |
Science - Physics | 11 | 12.73 | 100% | 27% | 0% |
Social Science - Linguistics | 1 | 20.00 | 100% | 100% | 0% |
Social Science - Other | 1 | 20.00 | 100% | 0% | 100% |
Social Science - Psychology | 3 | 16.67 | 100% | 33% | 33% |
Social Science - Sociology | 2 | 5.00 | 50% | 0% | 0% |